Collateral damage (Record no. 75577)
[ view plain ]
| 000 -LEADER | |
|---|---|
| fixed length control field | 01013cab a2200193 4500 |
| 001 - CONTROL NUMBER | |
| control field | L130362 |
| 008 - FIXED-LENGTH DATA ELEMENTS--GENERAL INFORMATION | |
| fixed length control field | 050721n2005 000 0 eng u |
| 035 ## - SYSTEM CONTROL NUMBER | |
| System control number | (Sirsi) u130362 |
| 041 ## - LANGUAGE CODE | |
| Language code of text/sound track or separate title | eng |
| 100 ## - MAIN ENTRY--PERSONAL NAME | |
| Personal name | Cockram, Richard |
| 245 ## - TITLE STATEMENT | |
| Title | Collateral damage |
| 260 ## - PUBLICATION, DISTRIBUTION, ETC. | |
| Date of publication, distribution, etc. | 2005 |
| 490 ## - SERIES STATEMENT | |
| Series statement | Property Week |
| Volume/sequential designation | 70(28) 15 July 2005, 80-81(2) |
| 520 ## - SUMMARY, ETC. | |
| Summary, etc. | Reports on the Contracts (Rights of Third Parties) Act 1999 which provides an alternative to collateral warranties. The Act enables a funder, tenant or buyer of a new development to enforce key parts of the building contract between the developer and the main contractor. This gives funders, buyers and tenants a guarantee that they could claim damages from the main contractors and their subcontractors for defects that emerge some years after the completion of the job. |
| 590 ## - LOCAL NOTE (RLIN) | |
| Local note | IKA020805 |
| 650 ## - SUBJECT ADDED ENTRY--TOPICAL TERM | |
| Topical term or geographic name entry element | CONTRACTS (RIGHTS OF THIRD PARTIES) ACT 1999 |
| 690 ## - LOCAL SUBJECT ADDED ENTRY--TOPICAL TERM (OCLC, RLIN) | |
| Topical term or geographic name as entry element | BUILT ENVIRONMENT-CONSTRUCTION MANAGEMENT-BUILDING CONTRACT ADMINISTRATION |
| 942 ## - ADDED ENTRY ELEMENTS (KOHA) | |
| Suppress in OPAC | 0 |
| Withdrawn status | Lost status | Source of classification or shelving scheme | Damaged status | Not for loan | Home library | Current library | Shelving location | Date acquired | Total Checkouts | Full call number | Barcode | Date last seen | Copy number | Price effective from | Koha item type |
|---|---|---|---|---|---|---|---|---|---|---|---|---|---|---|---|
| Dewey Decimal Classification | London | London | Journal article | 21/07/2005 | L130362 | 130362-1001 | 06/08/2019 | 1 | 06/08/2019 | Journal article |